| 000 | 01074nam0a2200277 4500 | ||
|---|---|---|---|
| 001 | RU\NLR\BIBL_A\011486797 | ||
| 005 | 20241114181104.0 | ||
| 010 |
_a9785852311351 _91000 |
||
| 021 |
_aRU _b2017-65944 _94666 |
||
| 035 | _a(RuMoRGB)009379461 | ||
| 035 | _a(NLR Aleph) 011486797 | ||
| 090 |
_a11924372 _c11924372 |
||
| 100 | _a20171002d2017 u y0rusy50 ca | ||
| 101 | 0 | _arus | |
| 102 | _aRU | ||
| 105 | _aaczzzz000|0zd | ||
| 200 | 1 |
_aСчастье жить среди великих _e[беседы с великими русскими подвижниками] _fАнатолий Грешневиков |
|
| 210 |
_aРыбинск _cРыбинское подворье _d2017 |
||
| 215 |
_a270, [1] с. _cил., портр. _d21 |
||
| 606 |
_aДеятели культуры _yРоссийская Федерация _92146525 _3RU\NLR\AUTH\661597817 |
||
| 686 | 1 | _aТ3(2)74-8 | |
| 700 | 1 |
_aГрешневиков _bА. Н. _f1956- _gАнатолий Николаевич |
|
| 942 | _cBOOK | ||
| 980 | _aNBR | ||